| 000 | nam a22 a 4500 | ||
|---|---|---|---|
| 999 |
_c3476 _d3476 |
||
| 005 | 20170523092513.0 | ||
| 008 | 170523b1945 enk||||| |||| 00| 0 eng d | ||
| 020 | _a0787956783 | ||
| 040 | _aAKMAL | ||
| 082 | _a658.4092 KOU | ||
| 090 |
_a658.4092 _bKOU |
||
| 100 |
_aKouzes, James M., _d1945- _96977 |
||
| 245 |
_aThe leadership challenge / _cJames M. Kouzes, Barry Z. Posner. |
||
| 250 | _a3rd ed. | ||
| 260 |
_aSan Francisco _bJossey-Bass _cc2002. |
||
| 260 |
_a[Chichester _bWiley] [distributor] _cc2002. |
||
| 300 |
_axxviii, 458 p _c24cm |
||
| 490 | _aThe Jossey-Bass business and management series | ||
| 500 | _aPrevious ed.: 1995. | ||
| 504 | _aIncludes bibliographical references and index. | ||
| 650 |
_aLeadership. _9120 |
||
| 650 |
_aExecutive ability. _91222 |
||
| 650 |
_aManagement. _91462 |
||
| 700 |
_aPosner, Barry Z. _96978 |
||
| 942 |
_2ddc _cBOOK |
||